000 00375nam a2200145Ia 4500
008 230917s9999||||xx |||||||||||||| ||und||
040 _e59034
_aMAIN
041 _aEnglish
082 _a297.72 M289J
100 _aMajumdar, Suhas
245 0 _aJihad: the Islamic doctrine of permanent war
260 _aNew Delhi
_bVoice of India
_c1994
300 _ax, 102 p.
942 _cBK
999 _c82936
_d82936